LEADER 01577nas 2200505- 450 001 9910133095303321 005 20241218230148.0 035 $a(DE-599)ZDB2042684-7 035 $a(OCoLC)58442251 035 $a(CKB)110978977743463 035 $a(CONSER)--2022200118 035 $a(EXLCZ)99110978977743463 100 $a20050311b19842023 --- a 101 0 $aeng 135 $aurmn||||||||| 181 $ctxt$2rdacontent 182 $cc$2rdamedia 183 $acr$2rdacarrier 200 00$aCato policy report 210 1$aWashington, D.C. :$cCato Institute,$d1984- 215 $a1 online resource (volumes) $cillustrations 311 08$a0743-605X 517 1 $aPolicy report 606 $aPolicy sciences$vPeriodicals 606 $aSciences de la politique$vPériodiques 606 $aPolicy sciences$2fast$3(OCoLC)fst01068796 606 $aPolitics and government$2fast$3(OCoLC)fst01919741 606 $aOverheidsbeleid$2gtt 607 $aUnited States$xPolitics and government$y1945-1989$vPeriodicals 607 $aÉtats-Unis$xPolitique et gouvernement$y1945-1989$vPériodiques 607 $aUnited States$2fast 608 $aPeriodicals.$2fast 608 $aPeriodicals.$2lcgft 615 0$aPolicy sciences 615 6$aSciences de la politique 615 7$aPolicy sciences. 615 7$aPolitics and government 615 17$aOverheidsbeleid. 676 $a320.973 676 $a973.92 712 02$aCato Institute, 906 $aJOURNAL 912 $a9910133095303321 996 $aCato policy report$92254883 997 $aUNINA LEADER 03599nam 2200553 a 450 001 9911006497003321 005 20230120035235.0 010 $a1-61583-813-9 035 $a(CKB)2560000000048208 035 $a(EBL)3385271 035 $a(SSID)ssj0000486673 035 $a(PQKBManifestationID)12141917 035 $a(PQKBTitleCode)TC0000486673 035 $a(PQKBWorkID)10430913 035 $a(PQKB)11137486 035 $a(MiAaPQ)EBC3385271 035 $a(MiAaPQ)EBC6468123 035 $a(BIP)13947725 035 $a(EXLCZ)992560000000048208 100 $a20070320d2008 uy 0 101 0 $aeng 135 $aur|n|---||||| 181 $ctxt 182 $cc 183 $acr 200 10$aPractical enhanced reservoir engineering $eassisted with simulation software /$fAbdus Satter, Ghulam M. Iqbal, James L. Buchwalter 210 $aTulsa, Okla. $cPennWell Corp.$dc2008 215 $a1 online resource (708 p.) 300 $aDescription based upon print version of record. 311 08$a1-59370-056-3 327 $a""Contents""; ""PREFACE""; ""ACKNOWLEDGMENTS""; ""Index"" 330 $aThis book is intended to be a reservoir engineering book for college students, but itas not the usual college text book. It is a modern and very practical guide offering reservoir engineering fundamentals, advanced reservoir related topics, reservoir simulation fundamentals, and problems and case studies from around the world. It is designed to aid students and professionals alike in their active and important roles throughout the reservoir life cycle (discovery, delineation, development, production, and abandonment), and in the various phases of the reservoir management process (setting strategy, developing plan, implementing, monitoring, evaluating, and completing). Benefits & Features: The authors bring to this book their life-long experience and expertise in reservoir engineering and simulation techniques and practice. The goal is to present a comprehensive book, starting from basic principles and leading to real-life reservoir management aided by simulation. This practical book explores the functions of reservoir engineers, and how they analyze, think and work in real life situations. It presents: a[ Rock and fluid properties, fluid flow principles, well test analysis, and reservoir performance analysis techniques. a[ New topics such as reserves, reservoir economics, risk and uncertainties, probabilistic methods, and recovery processes. a[ Role of reservoir simulation models in enhancing basic reservoir engineering concepts and practice. Computer-based tools, including reservoir simulation, are used extensively in this book to illustrate various concepts related to reservoir engineering. Finally, the book offers class projects where thestudents can apply what they have learned to treat their problems. This book will serve the students and the industry well. 606 $aPetroleum$xGeology$xData processing 606 $aPetroleum engineering$xData processing 606 $aOil reservoir engineering$xData processing 615 0$aPetroleum$xGeology$xData processing. 615 0$aPetroleum engineering$xData processing. 615 0$aOil reservoir engineering$xData processing. 676 $a622/.3382 700 $aSatter$b Abdus$01821798 701 $aIqbal$b Ghulam M$01823416 701 $aBuchwalter$b James L$01823417 801 0$bMiAaPQ 801 1$bMiAaPQ 801 2$bMiAaPQ 906 $aBOOK 912 $a9911006497003321 996 $aPractical enhanced reservoir engineering$94390065 997 $aUNINA